Kirby Star Allies Levels - Statistics

General Stats
  • This quiz has been taken 15 times
  • The average score is 21 of 40
Answer Stats
World Level % Correct
Planet Popstar Sacred Square
90%
Dream Land Donut Dome
80%
Planet Popstar Nature's Navel
80%
Dream Land Clash At Castle Dedede
70%
Planet Popstar Friendly Field
70%
Dream Land Fruity Forest
70%
Dream Land Honey Hill
70%
Jambastion Sector A
70%
Jambastion Sector B
70%
Jambastion Sector C
70%
Planet Popstar Duplex Dream
60%
Planet Popstar Echo's Edge
60%
Dream Land Extra Eclair
60%
Starlight Heroes Extra Planet a
60%
Starlight Heroes Extra Planet B
60%
Dream Land Green Gardens
60%
Planet Popstar Reef Resort
60%
Starlight Heroes Grott Moon
50%
Jambastion Heavenly Hall
50%
Jambastion Inner Sanctum
50%
Planet Popstar Inside Islands
50%
Jambastion Longview Corridor
50%
Starlight Heroes Planet Earthfall
50%
Starlight Heroes Blizzno Moon
40%
Jambastion Eastern Wall
40%
Starlight Heroes Extra Planet Y
40%
Starlight Heroes Falluna Moon
40%
Starlight Heroes Gabbel Moon
40%
Jambastion Gatehouse Road
40%
Starlight Heroes Jambandra Base
40%
Starlight Heroes Planet Caverna
40%
Starlight Heroes Planet Misteen
40%
Starlight Heroes The Divine Terminus
40%
Jambastion Western Outer Wall
40%
Starlight Heroes Mareen Moon
30%
Starlight Heroes Planet Frostak
30%
Starlight Heroes Planet Towara
30%
Starlight Heroes Sizzlai Moon
30%
Starlight Heroes Star Lavadom
30%
Starlight Heroes Extra Planet z
20%
No matching quizzes found
Score Distribution
Percent of People with Each Score
Percentile by Number Answered
Your Score History
You have not taken this quiz